| 000 | 00532cam a2200145Ki 4500 | ||
|---|---|---|---|
| 082 | 0 | 4 |
_a954.0317 _bKAT |
| 100 | 1 |
_aPincott, Frederic. _950406 |
|
| 245 | 1 | 0 |
_a History of the Sepoy war _band, Col. G.B. Malleson's History of the Indian mutiny : combined in one volume / _cby Frederic Pincott. |
| 260 |
_aLondon : _bW.H. Allen, _c1880. |
||
| 300 |
_aiv, 201 p. ; _c23 cm. |
||
| 526 |
_a0 _b0 _c0 _d954_031700000000000_KAT |
||
| 650 |
_aMCE _9379 |
||
| 856 | 4 | 0 | _uhttp://catalog.hathitrust.org/api/volumes/oclc/4128053.html |
| 942 |
_2ddc _cBK |
||
| 999 |
_c553135 _d553135 |
||